| 000 | 00534nam a2200181Ia 4500 | ||
|---|---|---|---|
| 008 | 240729s9999 xx 000 0 und d | ||
| 022 | _a2253-2447 | ||
| 245 | 0 | _aResearch and Reports in Urology | |
| 260 | _aUnited Kingdom | ||
| 260 | _bDove Medical Press | ||
| 650 | _a Diseases of the genitourinary system. Urology | ||
| 650 | _a Internal medicine | ||
| 650 | _a Specialties of internal medicine | ||
| 650 | _aMedicine | ||
| 856 | _uhttps://doaj.org/toc/667c544e2cdc4d15a8db190f7546fa25 | ||
| 942 | _2ddc | ||
| 942 | _cDOAJEJ | ||
| 999 |
_c73637 _d73637 |
||
| 945 |
_a1 _bMadushi Gamage _c1 _dMadushi Gamage |
||